Desastres naturales y zonas de riesgo en Centroamérica: condicionantes y opciones de prevención y mitigación /
Збережено в:
| Автор: | |
|---|---|
| Формат: | Книга |
| Мова: | Spanish |
| Теги: |
Додати тег
Немає тегів, Будьте першим, хто поставить тег для цього запису!
|
MARC
| LEADER | 00000nam a22000007a 4500 | ||
|---|---|---|---|
| 003 | cru IIS | ||
| 005 | 20220114145126.0 | ||
| 007 | ta | ||
| 008 | 220114s1988 cr |||p|r|||| 00| 0 spa d | ||
| 040 | |c cru IIS | ||
| 100 | 1 | |9 2593 |a Lavell Thomas, Allan |e Autor | |
| 245 | 1 | |a Desastres naturales y zonas de riesgo en Centroamérica: condicionantes y opciones de prevención y mitigación / |c Allan Lavell Thomas | |
| 300 | |a 21 páginas | ||
| 500 | |a Colección Centroamérica | ||
| 773 | 0 | |0 18901 |9 6474 |a Universidad de Costa Rica. |d San José, Costa Rica CSUCA, 1986- |o 21785 |t Cuadernos de Investigación CSUCA / | |
| 942 | |2 ddc |c PP | ||
| 999 | |c 44034 |d 44034 | ||
